Recopilación de leyes por orden numérico. Con índices onomástico, temático, numérico, por Ministerios y de notas

-д хадгалсан:
Номзүйн дэлгэрэнгүй
Байгууллагын зохиогч: Contraloría General de la República (Зохиогч)
Формат: Ном
Хэл сонгох:испани
Хэвлэсэн: Santiago Contraloría General de la República 1968
Нөхцлүүд:
Шошгууд: Шошго нэмэх
Шошго байхгүй, Энэхүү баримтыг шошголох эхний хүн болох!

MARC

LEADER 00000nam a2200000 a 4500
001 UCR0667
003 CL-VaPUC
008 971205e19680000CL |||||||||||||||||spa|d
082 0 4 |a 348.022  |b CON  |2 21 
110 2 |a Contraloría General de la República  |e author  |9 396706 
245 1 0 |a Recopilación de leyes por orden numérico. Con índices onomástico, temático, numérico, por Ministerios y de notas 
300 |a t 
942 |c BK 
945 |d 19971205 00:00:00  |a lriquelm 
260 |a Santiago  |b Contraloría General de la República  |c 1968 
500 |a Contiene: desde la ley 16.782, de 10 de Abril de 1968, a la 17.000, de 30 de Octubre del mismo año 
500 |a Donación profesor Fernando Recio Olguín 
650 7 |a LEGISLACION  |2 CL-VaPUC  |9 396707 
650 0 |a Leyes  |9 256670 
650 7 |a FUENTES  |2 CL-VaPUC  |9 255666 
650 7 |a DERECHO CHILENO  |2 CL-VaPUC  |9 396708 
650 7 |a DECRETO CON FUERZA DE LEY  |2 CL-VaPUC  |9 358086 
650 7 |a DECRETOS SUPREMOS  |2 CL-VaPUC  |9 396008 
650 0 |a Tratados internacionales   |9 256056 
650 7 |a PROTOCOLOS  |2 CL-VaPUC  |9 386841 
650 0 |a Acuerdos internacionales  |9 337381 
583 |a last modification  |c 20140410 09:49:08  |k Rodrigo Vera 
999 |c 264166  |d 264164 
952 |0 0  |1 0  |4 0  |6 348_022000000000000_CON_1968  |7 0  |8 F  |9 294037  |a BIBDER  |b BIBDER  |d 2019-11-19  |h t.54  |i 1910450  |o 348.022 CON 1968  |p 1910450  |r 2023-01-25  |w 2019-11-19  |y BK_F  |k DER 
952 |0 0  |1 0  |4 0  |6 348_022000000000000_CON_1968  |7 0  |8 X  |9 294039  |a BIBHIS  |b BIBHIS  |d 2019-11-19  |h t.54  |i 2128632  |o 348.022 CON 1968  |p 2128632  |r 2024-01-30  |w 2019-11-19  |y BK_X  |k HIS